Caja y banco ; Soluciones con Microsoft Excel (Registro nro. 116)
[ vista simple ]
| 000 -LEADER | |
|---|---|
| fixed length control field | 01393 a2200265 4500 |
| 001 - CONTROL NUMBER | |
| control field | 147 |
| 005 - DATE AND TIME OF LATEST TRANSACTION | |
| control field | 20260407155413.0 |
| 008 - FIXED-LENGTH DATA ELEMENTS--GENERAL INFORMATION | |
| fixed length control field | 260407a2003 arg spa d |
| 003 - CONTROL NUMBER IDENTIFIER | |
| control field | AR-UNSa-BCEJYS |
| 040 ## - CATALOGING SOURCE | |
| Original cataloging agency | AR-UNSa-BCEJYS |
| Language of cataloging | spa |
| Transcribing agency | AR-UNSa-BCEJYS |
| 080 ## - UNIVERSAL DECIMAL CLASSIFICATION NUMBER | |
| Universal Decimal Classification number | 004.67*E:658 |
| Common auxiliary subdivision | Excel para Administración de Empresas |
| 020 ## - INTERNATIONAL STANDARD BOOK NUMBER | |
| International Standard Book Number | 987-20416-2-8 |
| 041 ## - LANGUAGE CODE | |
| Language code of text/sound track or separate title | spa |
| 100 1# - MAIN ENTRY--PERSONAL NAME | |
| Personal name | García Fronti, Matías S |
| 245 10 - TITLE STATEMENT | |
| Title | Caja y banco ; Soluciones con Microsoft Excel |
| Name of part/section of a work | Análisis del negocio |
| 264 #1 - PRODUCTION, PUBLICATION, DISTRIBUTION, MANUFACTURE, AND COPYRIGHT NOTICE | |
| Place of production, publication, distribution, manufacture | Buenos Aires : |
| Name of producer, publisher, distributor, manufacturer | Ediciones Maurina |
| Date of production, publication, distribution, manufacture, or copyright notice | 2003 |
| 300 ## - PHYSICAL DESCRIPTION | |
| Extent | 152 p. |
| Dimensions | 20 cm |
| 505 ## - FORMATTED CONTENTS NOTE | |
| Formatted contents note | 1. Introducción - 2. Caja diaria - 3. Caja con cuentas - 4. Administración de valores - 5. Sistema de bancos - 6. Equivalencias monetarias - 7. Forma de pago - 8. Recibos - 9. Listado de cobranzas - 10. Sistema de viáticos - 11. Control de gastos - 12. Planes de cuotas - 13. Configuración de la impresión de los archivos - 14. Plantillas en excel - 15. Combinar correspondencia - 16. Formatos Condicionales - 17. Operando con tablas dinámicas - 18. resumenes de datos mediante filtros |
| 590 ## - LOCAL NOTE (RLIN) | |
| Local note | niveau_biblio:m niveau_hierar:0 |
| 650 ## - SUBJECT ADDED ENTRY--TOPICAL TERM | |
| Topical term or geographic name entry element | EXCEL |
| 650 ## - SUBJECT ADDED ENTRY--TOPICAL TERM | |
| Topical term or geographic name entry element | excel |
| 700 1# - ADDED ENTRY--PERSONAL NAME | |
| Personal name | Pazos, Alejandro A. |
| 856 41 - ELECTRONIC LOCATION AND ACCESS | |
| Uniform Resource Identifier | <a href="https://biblioeco.unsa.edu.ar/pmb/images/libros/Caja y banco. Soluciones con Microsoft Excel Garc?a Fronti, Mat?as S (2003).jpg">https://biblioeco.unsa.edu.ar/pmb/images/libros/Caja y banco. Soluciones con Microsoft Excel Garc?a Fronti, Mat?as S (2003).jpg</a> |
| Link text | Imagen de portada |
| Electronic format type | image/jpeg |
| 942 ## - ADDED ENTRY ELEMENTS (KOHA) | |
| Koha item type | |
| Withdrawn status | Lost status | Damaged status | Not for loan | Home library | Current library | Shelving location | Date acquired | Total checkouts | Full call number | Barcode | Date last seen | Price effective from | Koha item type |
|---|---|---|---|---|---|---|---|---|---|---|---|---|---|
| Biblioteca Prof. Eusebio Cleto del Rey | Biblioteca Prof. Eusebio Cleto del Rey | 07/04/2026 | 004.67*E:658 G216 | L117375 | 07/04/2026 | 07/04/2026 | Libro |